|
|
|
|
| LEADER |
00000nam a2200000 4500 |
| 001 |
vtls011991541 |
| 003 |
SK-MaSNL |
| 005 |
20260426010602.0 |
| 007 |
co cg auuua |
| 008 |
200909s2019 xo | fqp 001 0 slo |
| 015 |
|
|
|a SNBS2020
|
| 020 |
|
|
|a 9788097139476
|q (elektronická kniha)
|
| 040 |
|
|
|a SNK
|b slo
|c SNK
|e rda
|
| 041 |
0 |
|
|a slo
|
| 043 |
|
|
|a e-xo---
|
| 044 |
|
|
|a xo
|c SK
|
| 072 |
|
7 |
|a 27
|x Kresťanstvo. Kresťanská cirkev všeobecne. Ekleziológia
|2 konspekt
|
| 080 |
|
|
|a 27-72
|2 2011
|
| 080 |
|
|
|a 27-726.4-12
|2 2011
|
| 080 |
|
|
|a 27-4
|2 2011
|
| 080 |
|
|
|a (437.6)
|2 2011
|
| 080 |
|
|
|a (075.8)
|2 2011
|
| 080 |
|
|
|a (0.034.44)
|2 2011
|
| 100 |
1 |
|
|a Šoltésová, Viktória
|4 aut
|9 49027
|
| 245 |
1 |
0 |
|a Diakonika
|b diakonia na Slovensku : vysokoškolská učebnica
|c Viktória Šoltésová - Albín Masarik - Jaroslav Maďar
|
| 246 |
3 |
1 |
|a Diakonia na Slovensku
|
| 250 |
|
|
|a 1. vydanie
|
| 264 |
|
1 |
|a Banská Bystrica
|b Katedra teológie a katechetiky, Pedagogická fakulta UMB
|c 2019
|
| 300 |
|
|
|a 1 CD-ROM
|b farebný
|c 12 cm
|
| 336 |
|
|
|a text
|b txt
|2 rdacontent
|
| 337 |
|
|
|a počítač
|b c
|2 rdamedia
|
| 338 |
|
|
|a počítačový disk
|b cd
|2 rdacarrier
|
| 347 |
|
|
|a textový súbor
|b PDF
|2 rda
|
| 504 |
|
|
|a Obsahuje bibliografické odkazy a register
|
| 536 |
|
|
|a Projekt "Diakonika" tvorba vysokoškolskej učebnice a webovej platformy pre I. a II. stupeň vysokoškolského štúdia (KEGA 042UMB-4/2018)
|
| 650 |
0 |
7 |
|a cirkev
|2 SNKPH
|9 1922
|
| 650 |
0 |
7 |
|a diakonia
|2 SNKPH
|9 14575
|
| 650 |
0 |
7 |
|a praktická teológia
|2 SNKPH
|9 1806
|
| 650 |
0 |
7 |
|a Church
|2 SNKPHeng
|9 265729
|
| 650 |
0 |
7 |
|a Diaconate
|2 SNKPHeng
|9 267961
|
| 650 |
0 |
7 |
|a Practical theology
|2 SNKPHeng
|9 331259
|
| 651 |
|
7 |
|a Slovensko
|2 SNKPHgeo
|9 14231
|
| 651 |
|
7 |
|a Slovakia
|2 SNKPHeng
|9 92630
|
| 655 |
|
7 |
|a CD-ROM
|2 SNKPH
|9 70236
|
| 655 |
|
7 |
|a učebnice vysokých škôl
|2 SNKPH
|9 70191
|
| 655 |
|
7 |
|a Textbooks (higher)
|2 SNKPHeng
|9 276436
|
| 700 |
1 |
|
|a Masarik, Albín,
|d 1959-
|4 aut
|9 99015
|
| 700 |
1 |
|
|a Maďar, Jaroslav
|4 aut
|9 25428
|
| 710 |
2 |
|
|a Univerzita Mateja Bela v Banskej Bystrici.
|b Pedagogická fakulta.
|b Katedra teológie a katechetiky
|4 pbl
|9 198785
|
| 919 |
|
|
|a 978-80-971394-7-6
|
| 958 |
|
|
|a NB
|
| 958 |
|
|
|a NT
|
| 999 |
|
|
|c 1038813
|d 1040743
|
| 952 |
|
|
|a SNK
|b SNK
|y PREZ
|7 0
|p 17A1442733
|o snkSCDM 11280
|i snk2020/15934
|8 0
|0 0
|1 0
|4 0
|d 2020-09-09
|l 0
|r 2026-02-24 14:16:43
|w 2026-02-24
|